Faculty of Law Library — Cairo University

Official Online Catalog

The Law of War and Neutrality at Sea. (Record no. 65116)

MARC details
000 -LEADER
fixed length control field 00950nam a2200289 i 4500
003 - CONTROL NUMBER IDENTIFIER
control field EG-GICUC
005 - DATE AND TIME OF LATEST TRANSACTION
control field 20260305220835.0
008 - FIXED-LENGTH DATA ELEMENTS--GENERAL INFORMATION
fixed length control field 260305s1957 us ||||fr|||| 000 0 eng d
040 ## - CATALOGING SOURCE
Original cataloging agency EG-GiCUC
Language of cataloging eng
Transcribing agency EG-GiCUC
Modifying agency EG-GiCUC
Description conventions Rda
082 04 - DEWEY DECIMAL CLASSIFICATION NUMBER
Edition number 21
Classification number 341.6
Item number TU . L
092 04 - LOCALLY ASSIGNED DEWEY CALL NUMBER (OCLC)
Edition number 21
099 ## - LOCAL FREE-TEXT CALL NUMBER (OCLC)
Classification number Law1 11 341.6 TU . L 1957
100 1# - MAIN ENTRY--PERSONAL NAME
Personal name Tucker, Robert W
Relator term Author.
245 14 - TITLE STATEMENT
Title The Law of War and Neutrality at Sea.
Number of part/section of a work Volume XLX /
Statement of responsibility, etc. Robert W. Tucker.
Remainder of title
264 #1 - PRODUCTION, PUBLICATION, DISTRIBUTION, MANUFACTURE, AND COPYRIGHT NOTICE
Place of production, publication, distribution, manufacture Washington :
Name of producer, publisher, distributor, manufacturer Government Printing Office,
Date of production, publication, distribution, manufacture, or copyright notice 1957.
300 ## - PHYSICAL DESCRIPTION
Extent 448page :
Other physical details illustration ;
Dimensions 24 cm.
336 ## - CONTENT TYPE
Source rda contenu
Content type term texte
337 ## - MEDIA TYPE
Source rda medias
Media type term Ordinateur
338 ## - CARRIER TYPE
Source transporteur rda
Carrier type term Ressource en ligne
504 ## - BIBLIOGRAPHY, ETC. NOTE
Bibliography, etc. note Bibliography: pages 200-250.
546 ## - LANGUAGE NOTE
Language note Text in English
650 14 - SUBJECT ADDED ENTRY--TOPICAL TERM
Topical term or geographic name entry element Public international law
Source of heading or term
651 1# - SUBJECT ADDED ENTRY--GEOGRAPHIC NAME
Source of heading or term
856 40 - ELECTRONIC LOCATION AND ACCESS
Uniform Resource Identifier <a href="https://fll.law.cu.edu.eg/fulltext/bks/B11-08637.pdf">https://fll.law.cu.edu.eg/fulltext/bks/B11-08637.pdf</a>
905 ## - Cataloger and Reviser Names
Cataloger Name: Dina
942 ## - ADDED ENTRY ELEMENTS (KOHA)
Source of classification or shelving scheme Dewey Decimal Classification
Koha item type Books
Edition 21
Suppress in OPAC No
Holdings
Withdrawn status Lost status Source of classification or shelving scheme Materials specified (bound volume or other part) Damaged status Not for loan Collection Home library Current library Date acquired Total checkouts Full call number Barcode Date last seen Copy number Price effective from Koha item type
    Dewey Decimal Classification V40   Not for loan القانون الدولي العام جــــامعة القــاهرة مكتبة كلية الحقوق - المبنى الرئيسي 06.03.2026   Law1 11 341.6 TU . L 1957 1108637 V40, C1 B11-08637 05.03.2026 1 06.03.2026 Books
    Dewey Decimal Classification V40     القانون الدولي العام جــــامعة القــاهرة مكتبة كلية الحقوق - المبنى الرئيسي 10.03.2026   Law1 11 341.6 TU . L 1957 1108697 V40, C2 B11-08697 10.03.2026 2 10.03.2026 Books
    Dewey Decimal Classification V40     القانون الدولي العام مكتبة كلية الحقوق - فـرع الشيخ زايد مكتبة كلية الحقوق - فـرع الشيخ زايد 23.03.2026   Law2 11 341.6 TU . L 1957 1108648 V40 , C3 B11-08648 23.03.2026   23.03.2026 Books

© All rights reserved — Faculty of Law, Cairo University